000 00893cam a22002897a 4500
003 CHAP
005 20220329141253.0
008 120614s2001 sp r 00010 spa d
010 _a65491
011 _a66463
020 _a9788429118322
035 _a74613
040 _cCHAP
082 0 4 _a571.6
_bM33
100 1 _aMargulis, Lynn
_971353
245 1 3 _aEl origen de la célula
_c/por Lynn Margulis
260 _aBarcelona :
_bReverté,
_c2001
300 _axiv, 140 p.
534 _pTít. original :
_tEarly life
590 _aBATCH-UPD
_b10
_c20130110
_lUCH01
_h2046
590 _aCONVERSION
_b10
_c20130109
_lUCH01
_h1336
650 0 4 _aVida
_xOrigen.
_9119147
901 _aBK
942 _cLIBRO
949 _a571.6 M33
_bBC
_cLIBRO
_d33724002335611
_eLIBRO
_fc.2
_gi.c/e
_h116884
_i74613
_sb
_t$143.50
949 _a571.6 M33
_bBC
_cLIBRO
_d33724002335652
_eLIBRO
_gI.c/e
_h116883
_i74613
_sb
_t$143.50
999 _c65491
_d65491